[Event "TCh-CZE Zapad 2013-14"]
[Site "Czech Rep CZE"]
[Date "2013.10.20"]
[Round "1.1"]
[White "Petr,Ma"]
[Black "Mazur,Ste"]
[Result "1-0"]
[WhiteElo "2534"]
[BlackElo "2413"]

1.Nf3 d5 2.g3 c6 3.Bg2 Bg4 4.c4 e6 5.O-O Nd7 6.cxd5 exd5 7.d3 Bd6 8.Nc3 Ne7
9.Qc2 O-O 10.e4 Ne5 11.Nxe5 Bxe5 12.h3 Be6 13.Ne2 f6 14.f4 Bc7 15.Kh1 Qd7
16.g4 Qd6 17.Be3 b6 18.Nd4 Bd7 19.Bg1 Ng6 20.exd5 c5 21.Ne6 Nh4 22.Nxf8 Rxf8
23.d4 Nxg2 24.Qxg2 c4 25.f5 Bc8 26.Bh2 Qd7 27.d6 Bb8 28.Qd5+ Kh8 29.Qxc4 Bb7+
30.d5 Bxd6 31.Rad1 Rc8 32.Qe4 Re8 33.Qf3 h6 34.Bxd6 Qxd6 35.Rd2 Qc5 36.Kh2 Re3
37.Qf2 Qd6+ 38.Qf4 Re5 39.Kg3 Re3+ 40.Rf3 Re5 41.Rff2 Ba6 42.a3 Bc4 43.Kh2 b5
44.Rf3 Bxd5 45.Re3 Qc7 46.Rxe5 fxe5 47.Qg3 Bb7 48.Re2 Qc1 49.Qxe5 Bc6 50.Qe3 Qf1
51.Rc2  1-0

[Event "Guernsey Open 2013"]
[Site "Guernsey GCI"]
[Date "2013.10.20"]
[Round "1"]
[White "Norman,K"]
[Black "Casiot,D"]
[Result "1-0"]
[WhiteElo "2185"]
[BlackElo "1979"]

1.Nf3 d5 2.g3 c6 3.Bg2 Nd7 4.d4 Ngf6 5.O-O e6 6.Nbd2 Bd6 7.c4 O-O 8.Qc2 e5
9.cxd5 Nxd5 10.Nc4 Qc7 11.Nxd6 Qxd6 12.e4 Nb4 13.Qb3 exd4 14.Bf4 Qe7 15.Nxd4 Nb6
16.a3 Na6 17.Rac1 Be6 18.Nxe6 Qxe6 19.Qxe6 fxe6 20.Bh3 Rfe8 21.Rfd1 e5 22.Be3 Rad8
23.b3 Kf7 24.Kf1 Nc7 25.a4 Ne6 26.Rxd8 Rxd8 27.a5 Nc8 28.a6 bxa6 29.Rxc6 Nd6
30.Rxa6 Nd4 31.Bxd4 exd4 32.e5 Nb5 33.Be6+ Ke7 34.Bc4 Rb8 35.Ke2 Kd8 36.Kd3 Rb7
37.Bxb5 Rxb5 38.Rxa7 Rxb3+ 39.Kxd4 Rf3 40.Rxg7 Rxf2 41.Rxh7  1-0

[Event "17th Unive Open 2013"]
[Site "Hoogeveen NED"]
[Date "2013.10.20"]
[Round "3.12"]
[White "Okkes,M"]
[Black "Van Wageningen,Arie"]
[Result "1-0"]
[WhiteElo "2351"]
[BlackElo "2036"]

1.Nf3 d5 2.g3 e6 3.Bg2 Nf6 4.O-O c5 5.c4 d4 6.e3 Nc6 7.exd4 cxd4 8.d3 Bd6
9.Bg5 O-O 10.a3 a5 11.Nbd2 a4 12.Ne4 Be7 13.Bxf6 Bxf6 14.Nxf6+ Qxf6 15.b4 axb3
16.Qxb3 Re8 17.Rfe1 Ra5 18.Nd2 Qd8 19.a4 Ra6 20.Qa3 Na5 21.Nb3 Nxb3 22.Qxb3 Re7
23.Re5 b6 24.Rb5 Bd7 25.Rb4 Qc7 26.Rb1 Re8 27.Rxb6 Rxa4 28.Rb7 Qc8 29.Qb6 h6
30.Rxd7  1-0

[Event "18th ECC w 2013"]
[Site "Rhodes GRE"]
[Date "2013.10.20"]
[Round "1.2"]
[White "Kovalevskaya,E"]
[Black "Vojinovic,J"]
[Result "1/2-1/2"]
[WhiteElo "2410"]
[BlackElo "2347"]

1.Nf3 d5 2.g3 Nf6 3.Bg2 e6 4.O-O Be7 5.c4 O-O 6.b3 b6 7.Bb2 Bb7 8.e3 Nbd7
9.Nc3 Ne4 10.cxd5 Nxc3 11.dxc3 Bxd5 12.c4 Be4 13.Qe2 Bf6 14.Rfd1 Bxb2 15.Qxb2 Qf6
16.Qxf6 Nxf6 17.Nd4 Bxg2 18.Kxg2 Rfd8 19.Nb5 Rdc8 20.Rd3 a6 21.Nc3 Kf8 22.Rad1 Ke7
23.e4 Rd8 24.e5 Nd7 25.f4 Nc5 26.Rxd8 Rxd8 27.Rxd8 Kxd8 28.Kf3 Ke7 29.Ke3 f6
30.exf6+ gxf6 31.g4 Nb7 32.h4 Nd6 33.Ne4 Ne8 34.g5 Kf7 35.h5 Kg7 36.Kf3 h6
37.Kg3 f5 38.Nf2 Nd6 39.Kf3 Nf7 40.Nh3 Nd6 41.Ke3 c5 42.gxh6+ Kxh6 43.Ng5 Kxh5
44.Nxe6 Kg4 45.Nc7 a5 46.Nd5 Nc8 47.Kf2 Nd6 48.Ke3 Nc8 49.Nf6+ Kg3 50.Nd7 Kg4
51.Ne5+ Kg3 52.Nf7 Ne7 53.Nh6 Kg2 54.Nxf5 Nxf5+ 55.Ke4 Ne7 56.f5 Kf2 57.f6 Ng6
58.Kd5 Ke3 59.Kc6 Kd4 60.Kxb6 a4 61.Kb5 axb3 62.axb3 Nf8 63.f7 Ne6 64.b4 cxb4
65.Kxb4 Ke5 66.c5 Kf6 67.c6 Kxf7 68.c7 Nxc7  1/2-1/2

[Event "29th ECC Open 2013"]
[Site "Rhodes GRE"]
[Date "2013.10.21"]
[Round "2.6"]
[White "Mirza,Gabriel"]
[Black "Iclicki,W"]
[Result "1/2-1/2"]
[WhiteElo "1735"]
[BlackElo "1999"]

1.Nf3 d5 2.g3 c6 3.Bg2 Bg4 4.d3 Nd7 5.Nbd2 e6 6.b3 Ngf6 7.Bb2 Bd6 8.c4 O-O
9.O-O Qe7 10.a3 a5 11.Qc2 Rfe8 12.e4 Bxf3 13.Bxf3 dxe4 14.Nxe4 Nxe4 15.Bxe4 Nf6
16.Bg2 c5 17.Bc3 Qc7 18.Qb2 Be7 19.Rad1 Red8 20.Rfe1 Ne8 21.d4 cxd4 22.Rxd4 Rxd4
23.Bxd4 Bf6 24.Be5 Qb6 25.Kf1 Rd8 26.Qc2 Bxe5 27.Rxe5 Qc7 28.Rb5 Nd6 29.Rh5 g6
30.Rg5 Nf5 31.h4 h5 32.Be4 b6 33.Bxf5 exf5 34.Qxf5 Rd1+ 35.Kg2 Qd6 36.a4 Qc6+
37.Qf3 Rg1+ 38.Kxg1 Qxf3 39.Rb5 Qc6 40.Kf1 Kg7 41.Ke2 Kf8 42.Ke3 Ke7 43.Rd5 Qf6
44.Rb5 Kd7 45.Ke2 Kc6 46.Ke3 Qc3+ 47.Ke2 f6 48.Kf1 g5 49.hxg5 fxg5 50.Kg2 Qf6
51.Kg1 h4 52.Kg2 hxg3 53.Kxg3 Qf4+ 54.Kg2 Kc7 55.f3 Qh4 56.Rd5 Kc6 57.Rb5 Qf4
58.Rd5 g4 59.fxg4 Qxg4+ 60.Kf2 Qh4+ 61.Ke2 Qg3 62.Rb5 Qc3 63.Kf2 Qd2+ 64.Kg1 Qe3+
65.Kf1  1/2-1/2

[Event "29th ECC Open 2013"]
[Site "Rhodes GRE"]
[Date "2013.10.21"]
[Round "2.2"]
[White "Thorfinnsson,Bj"]
[Black "Ferguson,M"]
[Result "1/2-1/2"]
[WhiteElo "2385"]
[BlackElo "2414"]

1.Nf3 d5 2.g3 Bg4 3.Bg2 Nd7 4.c4 e6 5.Qb3 Nc5 6.Qc2 c6 7.d3 Bd6 8.Be3 Rc8
9.Nbd2 Nf6 10.b4 Ncd7 11.Bxa7 Bxb4 12.Bd4 Bxf3 13.Bxf3 e5 14.Bc3 Bd6 15.e3 O-O
16.O-O b5 17.Rfb1 Qc7 18.Be2 Rb8 19.Bb2 Rfc8 20.Nb3 Qa7 21.c5 Be7 22.d4 e4
23.Nc1 Ra8 24.Bd1 Nf8 25.a4 bxa4 26.Qxa4 Qd7 27.Qxa8 Rxa8 28.Rxa8 Qh3 29.Bc3 h5
30.Rb7 Ng4 31.Bxg4 Qxg4 32.Rxe7 Qd1+ 33.Kg2 Qf3+ 34.Kf1 Qh1+ 35.Ke2 Qxc1
36.Bd2 Qc4+ 37.Ke1 Qb5 38.Ree8 Qb1+ 39.Ke2 Qb5+ 40.Kd1 Qb3+ 41.Kc1 Qc4+ 42.Kb2 Qb5+
43.Kc2 Qd3+ 44.Kd1 Qb3+ 45.Kc1 Qc4+ 46.Kb2 Qb5+ 47.Kc2  1/2-1/2

[Event "29th ECC Open 2013"]
[Site "Rhodes GRE"]
[Date "2013.10.21"]
[Round "2.6"]
[White "Khairullin,I"]
[Black "Duport,N SUI"]
[Result "1-0"]
[WhiteElo "2651"]
[BlackElo "2219"]

1.Nf3 d5 2.g3 c6 3.Bg2 Bg4 4.O-O Nd7 5.d3 e6 6.h3 Bh5 7.e4 Bd6 8.exd5 exd5
9.c4 Ne7 10.Nc3 O-O 11.cxd5 cxd5 12.d4 f6 13.Qb3 Nb6 14.Ne4 Bg6 15.Re1 Rc8
16.Bd2 Re8 17.Ba5 Kh8 18.Bxb6 axb6 19.Nc3 Bf7 20.Re2 Rc4 21.a3 Rf8 22.Rae1 Nc6
23.Nb5 Na5 24.Qd1 Qd7 25.Nxd6 Qxd6 26.Re7 Rc7 27.Qe2 Nc6 28.Rxc7 Qxc7 29.Qd2 Bg6
30.Nh4 Qd7 31.Nxg6+ hxg6 32.Qd3 f5 33.Qb5 Re8 34.Rd1 f4 35.Qxd5 Qxd5 36.Bxd5 Rd8
37.Bxc6 bxc6 38.gxf4 Kg8 39.Kg2 Kf7 40.Rc1 Rd6 41.Kf3 Kf6 42.Ke4 Re6+ 43.Kd3 Kf5
44.Rc4 Rd6 45.a4 Kxf4 46.d5+ Ke5 47.Rxc6 Rxd5+ 48.Kc3  1-0

[Event "TCh-Belgrade Premier liga 2013"]
[Site "Belgrade SRB"]
[Date "2013.10.22"]
[Round "11.1"]
[White "Indjic,A"]
[Black "Nabaty,T"]
[Result "1/2-1/2"]
[WhiteElo "2540"]
[BlackElo "2579"]

1.Nf3 d5 2.g3 c6 3.Bg2 Bf5 4.d3 e6 5.Nbd2 h6 6.e4 Bh7 7.Qe2 Nf6 8.O-O Be7
9.b3 O-O 10.Bb2 a5 11.a3 c5 12.Rfe1 a4 13.exd5 Nxd5 14.Ne5 axb3 15.Nxb3 Ra6
16.c4 Nf6 17.d4 cxd4 18.Nxd4 Qc8 19.Nb5 Nbd7 20.Rad1 Nc5 21.Bc3 Be4 22.f3 Bc6
23.Bb4 Rd8 24.Qe3 Rxd1 25.Rxd1 Qf8 26.Nc7 Ra7 27.Ng6 fxg6 28.Nxe6 Nxe6 29.Qxe6+ Qf7
30.Qxe7 Qxc4 31.Bf1 Qb3 32.Rd3 Qb1 33.Rd8+ Kh7 34.Qf8 g5 35.Kf2 Qf5 36.Bd3 Be4
37.Qh8+ Kg6 38.Qe8+ Nxe8 39.Bxe4 Nf6 40.Bxf5+ Kxf5 41.g4+ Ke5 42.Rc8 Nd5
43.Bc5 b6 44.Re8+ Kf6 45.Bd4+ Kf7 46.Rd8 Ke6 47.Rb8 Rxa3 48.Bxg7 Ra2+ 49.Kg1 Kf7
50.Bxh6 Kg6 51.Rd8 Nf4 52.Rd6+ Kh7 53.Rxb6 Nh3+ 54.Kh1 Nf2+ 55.Kg1 Nh3+ 56.Kh1 Nf2+
57.Kg1  1/2-1/2

[Event "51st ch-IND B 2013"]
[Site "Bhopal IND"]
[Date "2013.10.22"]
[Round "13.54"]
[White "Suresh,KT"]
[Black "Pradip,T"]
[Result "1-0"]
[WhiteElo "2154"]
[BlackElo "2005"]

1.Nf3 d5 2.g3 Nf6 3.Bg2 Bf5 4.c4 c6 5.cxd5 cxd5 6.Qb3 Qb6 7.Qxb6 axb6 8.Nc3 e6
9.d3 h6 10.O-O Na6 11.Re1 Nb4 12.Rd1 Be7 13.Nd4 Bh7 14.a3 O-O 15.Bf4 Na6
16.e4 Rfd8 17.b4 Rac8 18.Na4 dxe4 19.dxe4 Bxe4 20.Nxb6 Rc3 21.Nb5 Rcd3 22.Rxd3 Rxd3
23.Rc1 Bxg2 24.Kxg2 Rd8 25.Kf1 Nd5 26.Nxd5 Rxd5 27.Nc7 Rd3 28.Nb5 Rd5 29.Rc8+ Kh7
30.Nc3 Rd7 31.Ke2 Kg6 32.Na4 b5 33.Nc3 Rb7 34.Ra8 Bf6 35.Ne4 Nc7 36.Bxc7 Rxc7
37.Ra5 Rc2+ 38.Kd3 Ra2 39.Rxb5 Rxa3+ 40.Kc4 Ra2 41.Ra5 Rb2 42.Ra3 Be5 43.Rb3 Rc2+
44.Kd3 Rc8 45.b5 f5 46.Nd2 Kf6 47.b6 g5 48.Nc4 Rd8+ 49.Ke2 Bb8 50.Na5 Rd6
51.b7 Ra6 52.Rb5 Ke7 53.Kd3 Kd7 54.Kc4 Bc7 55.Kb4 Rb6 56.Ka4 Rd6 57.Rb2 f4
58.Rc2 fxg3 59.fxg3 Rb6 60.Rd2+ Ke7 61.Rd3 e5 62.Rb3 Rxb3 63.Kxb3 Kd6 64.Kc4  1-0

[Event "Dombai Open 2013"]
[Site "Dombai RUS"]
[Date "2013.10.22"]
[Round "5.2"]
[White "Maletin,P"]
[Black "Lastin,A"]
[Result "1/2-1/2"]
[WhiteElo "2596"]
[BlackElo "2516"]

1.Nf3 d5 2.g3 Bg4 3.Bg2 Nd7 4.c4 c6 5.cxd5 cxd5 6.Qb3 Nc5 7.Qb4 Bxf3 8.Bxf3 e6
9.O-O Qd7 10.d4 Ne4 11.Qb3 Ngf6 12.Nc3 Bd6 13.Be3 O-O 14.Rac1 h6 15.Bxe4 Nxe4
16.Nxe4 dxe4 17.d5 e5 18.Bc5 Rfd8 19.Rfd1 Bxc5 20.Rxc5 Rac8 21.Rxc8 Qxc8
22.Qa4 e3 23.fxe3 Qc5 24.Qe4 Qb5 25.Rd2 Qa5 26.b4 Qc7 27.Rd1 Qd6 28.Qc4 h5
29.a3 Qg6 30.d6 Rxd6 31.Qc8+ Kh7 32.Rxd6 Qxd6 33.Qxb7 Qg6 34.Qf3 Qa6 35.e4 Kg8
36.Qd3 Qc6 37.h4 a6 38.Kf2 g6 39.Qd5 Qa4 40.Qd8+ Kg7 41.Qd3 Qc6 42.Qd5 Qc3
43.Qd3 Qc6 44.Qe3 Kf6 45.Ke1 Qc4 46.Kd1 Ke6 47.Qd3 Qc6 48.Kd2 f5 49.Qb3+ Kf6
50.exf5 gxf5 51.a4 Qd6+ 52.Ke1 Qd4 53.b5 Qg1+ 54.Kd2 Qd4+ 55.Kc2 Qe4+ 56.Kd1 Qd4+
57.Kc1 axb5 58.axb5 Qb6 59.Kb2 Ke7 60.Qd5 Qe3 61.Qd3 Qxd3 62.exd3 Kd6 63.Kc3 Kc5
64.d4+ Kxb5 65.dxe5 Kc5 66.Kd3 Kd5 67.Ke3 Kxe5 68.Kf3 Ke6 69.Kf4  1/2-1/2

[Event "29th ECC Open 2013"]
[Site "Rhodes GRE"]
[Date "2013.10.22"]
[Round "3.2"]
[White "Malakhov,V"]
[Black "Ahvenjarvi,Jani"]
[Result "1-0"]
[WhiteElo "2711"]
[BlackElo "2241"]

1.Nf3 d5 2.g3 c6 3.Bg2 Bg4 4.c4 e6 5.cxd5 exd5 6.O-O Nf6 7.d3 Be7 8.Nc3 O-O
9.Qb3 Qb6 10.Qc2 Nbd7 11.e4 dxe4 12.dxe4 Rfe8 13.Be3 Qa5 14.Nd4 Bf8 15.h3 Be6
16.Nxe6 Rxe6 17.a3 Qc7 18.Rad1 Ree8 19.Rd2 Rac8 20.Ne2 Rcd8 21.Rfd1 Nb6 22.Nd4 h6
23.b4 Qc8 24.Nb3 Rxd2 25.Rxd2 Rd8 26.Rxd8 Qxd8 27.Na5 Qc7 28.Kh2 Be7 29.Qc3 Qb8
30.Bf4 Qc8 31.Qe5 Kf8 32.Qb8 Qxb8 33.Bxb8 c5 34.Bxa7 Nfd7 35.Nxb7 cxb4 36.axb4 Bxb4
37.f4 Ke7 38.h4 h5 39.Bh3 Be1 40.e5 Bb4 41.Kg2 g6 42.Kf3 Nc4 43.Ke2 Na5 44.Nxa5 Bxa5
45.Bf2 Bb4 46.Bg2 Ba5 47.Bd5 Bb4 48.Kd3 Ba5 49.Bf3 Bb4 50.Kc4 Bd2 51.Kd5 Bc3
52.Be2 Bb4 53.Bb5 Bc3 54.Kc6 Bb4 55.Bf1 Nf8 56.Bc5+ Bxc5 57.Kxc5 f5 58.Bc4 Nd7+
59.Kb5 Nf8 60.Kc6 Nd7 61.Bg8 Nb8+ 62.Kc7 Nd7 63.Bf7 Nc5 64.Bxg6 Ke6 65.Bxh5 Ne4
66.Bf3 Nxg3 67.h5  1-0

[Event "17th Unive Open 2013"]
[Site "Hoogeveen NED"]
[Date "2013.10.23"]
[Round "6.12"]
[White "Berkovich,M"]
[Black "Englert,F"]
[Result "1/2-1/2"]
[WhiteElo "2372"]
[BlackElo "2290"]

1.g3 d5 2.Nf3 g6 3.Bg2 Bg7 4.d4 Nf6 5.O-O O-O 6.c4 dxc4 7.Na3 Nc6 8.Nxc4 Be6
9.b3 a5 10.Bb2 Bd5 11.Nfe5 Bxg2 12.Kxg2 a4 13.bxa4 Ra6 14.Qb3 Qa8 15.Kg1 Rxa4
16.Nxc6 bxc6 17.Ne5 Nd5 18.a3 Rb8 19.Qc2 Bxe5 20.dxe5 Nb6 21.e6 f6 22.Rfc1 Rc4
23.Qd3 Rd8 24.Qb3 Qa4 25.Qf3 Rxc1+ 26.Rxc1 Rd1+ 27.Rxd1 Qxd1+ 28.Kg2 Nc4
29.Qxc6 Ne3+ 30.fxe3  1/2-1/2

[Event "17th Unive Open 2013"]
[Site "Hoogeveen NED"]
[Date "2013.10.23"]
[Round "6.4"]
[White "Okkes,M"]
[Black "Sachdev,T"]
[Result "0-1"]
[WhiteElo "2351"]
[BlackElo "2438"]

1.Nf3 d5 2.g3 Nf6 3.Bg2 Bf5 4.c4 e6 5.cxd5 exd5 6.O-O Be7 7.Qb3 Qc8 8.Nc3 c6
9.d3 O-O 10.Qc2 h6 11.e4 dxe4 12.dxe4 Bh7 13.h3 Na6 14.Nd4 Rd8 15.Be3 Bc5
16.Rad1 Nd5 17.Nxd5 cxd5 18.Nf5 Bxf5 19.exf5 Bxe3 20.Qxc8 Bxf2+ 21.Rxf2 Raxc8
22.Rxd5 Rc1+ 23.Kh2 Rxd5 24.Bxd5 b6 25.g4 Kf8 26.h4 Nb4 27.Bb3 Nd3 28.Rd2 Ne5
29.Kg2 Ke7 30.g5 hxg5 31.hxg5 Rg1+ 32.Kxg1 Nf3+ 33.Kf2 Nxd2 34.Bd5 Kd6 35.Bxf7 Ne4+
36.Ke3 Nxg5 37.Bg6 Ke5 38.Kd3 Ne4 39.Kc4 Nd6+ 40.Kb4 a6 41.Ka4 Nxf5 42.b4 Nd4
43.Bd3 b5+ 44.Ka3 g5 45.Kb2 g4 46.Kc3 g3 47.Bf1 Nf5 48.Kd3 Nh4  0-1

[Event "17th Unive Open 2013"]
[Site "Hoogeveen NED"]
[Date "2013.10.23"]
[Round "6.19"]
[White "Van Foreest,Jorden"]
[Black "Vereggen,L"]
[Result "1/2-1/2"]
[WhiteElo "2310"]
[BlackElo "2121"]

1.Nf3 d5 2.g3 g6 3.Bg2 Bg7 4.c4 c6 5.O-O e5 6.d3 Ne7 7.Nc3 O-O 8.cxd5 cxd5
9.Bg5 f6 10.Bd2 Be6 11.Qc1 Qd7 12.Bh6 Nbc6 13.Bxg7 Kxg7 14.e3 Rac8 15.Qd2 Rfd8
16.d4 e4 17.Ne1 f5 18.Rc1 Ng8 19.Nc2 Nf6 20.Na4 b6 21.Nc3 g5 22.f4 exf3 23.Bxf3 Ne4
24.Qg2 h6 25.Qe2 Re8 26.Ne1 Re7 27.Bg2 Rce8 28.Nd3 Bf7 29.Qc2 Nxc3 30.Qxc3 Rxe3
31.Qxc6 Qxc6 32.Rxc6 Rxd3 33.Rxf5 Re7 34.Bxd5 Rd1+ 35.Kg2 Rd2+ 36.Kh3 Be8
37.Re6 Rxe6 38.Bxe6 Rxd4 39.Rf2 Rd6 40.Bf5 Bc6 41.g4 Rd1 42.Rc2 Bd5 43.Kg3 Rf1
44.h3 Rf3+ 45.Kh2 Bxa2 46.b4 Ra3 47.Rc7+ Kf6 48.Rc6+ Ke5 49.Rxh6 Bd5 50.h4 Kf4
51.Rf6 gxh4 52.Bd7+ Ke5 53.Rh6 Ra1 54.Rxh4 Kf4 55.g5+ Kxg5 56.Rd4 Bf7 57.Kg3 Ra3+
58.Kf2 Kf6 59.Bc6 Ke5 60.Rd8 a5 61.bxa5 bxa5 62.Ke2 a4 63.Kd2 Ra2+ 64.Kc3 a3
65.Rd1 Rh2 66.Kb4 a2 67.Ka3 Rd2 68.Ra1 Rd3+ 69.Kb2 Rb3+ 70.Kxa2 Rb6+ 71.Ka3 Rxc6
72.Kb4 Bd5 73.Rg1 Rc8 74.Rd1 Rc2 75.Rg1 Be4 76.Rd1 Rc8 77.Kb5 Bd5 78.Kb4 Kd6
79.Rg1 Rb8+ 80.Kc3 Rb3+ 81.Kd2 Ke5 82.Rg4 Be4 83.Rg8 Kd4 84.Rd8+ Bd5 85.Rd7 Rb2+
86.Kd1 Rh2 87.Rd8 Ke5 88.Kc1 Be4 89.Rd2  1/2-1/2

[Event "1st La Dame Noire Masters"]
[Site "Montigny-le-Bretonneux FRA"]
[Date "2013.10.23"]
[Round "5.1"]
[White "Rettore,L"]
[Black "Guliyev,N"]
[Result "0-1"]
[WhiteElo "2113"]
[BlackElo "2559"]

1.Nf3 d5 2.g3 c6 3.Bg2 Bg4 4.O-O Nd7 5.d3 Ngf6 6.h3 Bh5 7.Nbd2 e5 8.e4 dxe4
9.dxe4 Be7 10.Qe1 O-O 11.Nh4 Re8 12.Nf5 Bf8 13.g4 Bg6 14.Qe2 Nc5 15.Rd1 Qc7
16.Nf1 b5 17.N1g3 Ne6 18.Qf3 Nf4 19.Bf1 Rad8 20.Be3 Nd7 21.Ne2 Ne6 22.h4 Bc5
23.c3 Bxe3 24.fxe3 Ndc5 25.Neg3 f6 26.h5 Ng5 27.Qg2 Bf7 28.h6 g6 29.Nh4 a5
30.b4 Na4 31.Nf3 Rxd1 32.Rxd1 Nxc3 33.Nxg5 Nxd1 34.Nxf7 Nxe3 35.Qd2 Nxf1
36.Kxf1 axb4 37.Nd6 Rd8 38.Qxb4 Qxd6 39.Qb3+ Kf8  0-1

[Event "1st La Dame Noire Masters"]
[Site "Montigny-le-Bretonneux FRA"]
[Date "2013.10.23"]
[Round "5.3"]
[White "Serafimov,T"]
[Black "Moroni,L"]
[Result "1-0"]
[WhiteElo "2438"]
[BlackElo "2287"]

1.g3 d5 2.Nf3 e6 3.Bg2 Nf6 4.O-O c5 5.c4 dxc4 6.Na3 Nd5 7.Nxc4 b5 8.Nce5 Nd7
9.e4 N5b6 10.Nc6 Qc7 11.Na5 e5 12.d4 cxd4 13.Nxd4 exd4 14.Bf4 Bd6 15.e5 Bxe5
16.Rc1 Qd6 17.Bxe5 Nxe5 18.Bxa8 Bg4 19.Bc6+ Ke7 20.f3 Be6 21.Bxb5 d3 22.f4 Nec4
23.Bxc4 Qd4+ 24.Rf2 Bxc4 25.Nc6+  1-0

[Event "29th ECC Open 2013"]
[Site "Rhodes GRE"]
[Date "2013.10.23"]
[Round "4.3"]
[White "Radjabov,T"]
[Black "Rapport,R"]
[Result "1/2-1/2"]
[WhiteElo "2723"]
[BlackElo "2676"]

1.Nf3 d5 2.g3 Nc6 3.d4 Bg4 4.Bg2 Qd7 5.O-O O-O-O 6.c4 dxc4 7.Nbd2 Nxd4 8.Nxd4 Qxd4
9.Qa4 Bd7 10.Qb4 Qb6 11.Qc3 Be6 12.Nxc4 Bxc4 13.Qxc4 e6 14.Be3 Qb4 15.Qc2 Nf6
16.Rfc1 Rd7 17.Bxa7 Qa5 18.Be3 Nd5 19.Bd4 h5 20.Qb3 h4 21.Rc4 b5 22.Rcc1 hxg3
23.hxg3 Nf4 24.gxf4 Rxd4 25.e3 Rd2 26.a4 b4 27.Qc4 Bc5 28.Qb5 Qxb5 29.axb5 Rh5
30.Bf3 Rf5 31.Be4 Rh5 32.Bf3 Rf5 33.Be4 Rh5 34.Bf3 Rf5  1/2-1/2

[Event "29th ECC Open 2013"]
[Site "Rhodes GRE"]
[Date "2013.10.23"]
[Round "4.25"]
[White "Schlenter,Ruediger"]
[Black "Van der Zwet,B"]
[Result "1/2-1/2"]
[WhiteElo "1929"]
[BlackElo "2091"]

1.Nf3 d5 2.g3 Nf6 3.Bg2 Nbd7 4.d4 e6 5.O-O Bd6 6.c4 c6 7.Qc2 O-O 8.cxd5 exd5
9.Nc3 Re8 10.e4 Nxe4 11.Nxe4 dxe4 12.Ng5 Nf6 13.Nxe4 Be7 14.Rd1 Bg4 15.f3 Bh5
16.Nc3 Qb6 17.Be3 Rad8 18.Qf2 Qa5 19.a3 Nd5 20.Nxd5 cxd5 21.Rdc1 Bd6 22.f4 f6
23.Bd2 Qb5 24.a4 Qb3 25.Rc3 Qxb2 26.Bxd5+ Bf7 27.Ra2 Qb1+ 28.Rc1 Qd3 29.Rc3 Qe2
30.Bxf7+ Kxf7 31.Be3 Qd1+ 32.Kg2 Rc8 33.Rxc8 Rxc8 34.Qb2 Rc7 35.Bf2 f5 36.Qb5 g6
37.Re2 Re7 38.Qd5+ Kf8 39.Rxe7 Bxe7 40.Qe5 Kf7 41.Qd5+  1/2-1/2

[Event "18th ECC w 2013"]
[Site "Rhodes GRE"]
[Date "2013.10.24"]
[Round "5.2"]
[White "Gunina,V"]
[Black "Pogonina,N"]
[Result "0-1"]
[WhiteElo "2506"]
[BlackElo "2485"]

1.Nf3 d5 2.g3 Bg4 3.Bg2 Nd7 4.O-O c6 5.d3 e5 6.Nbd2 Ngf6 7.e4 dxe4 8.dxe4 Be7
9.Qe1 O-O 10.Nc4 Qc7 11.Ne3 Bxf3 12.Bxf3 Rfe8 13.b3 Bf8 14.Nf5 h6 15.Bg2 Rad8
16.Kh1 Nc5 17.Bb2 g6 18.Nh4 Bg7 19.Qe2 Qa5 20.Bc1 Ne6 21.Nf3 Nd4 22.Nxd4 exd4
23.Bd2 Qc5 24.Rac1 Nd5 25.a4 a5 26.Rfe1 Nc3 27.Qd3 b5 28.axb5 cxb5 29.Ra1 a4
30.bxa4 bxa4 31.f4 a3 32.e5 Rb8 33.Qa6 Bf8 34.e6 fxe6 35.Rxe6 Rxe6 36.Qxe6+ Kh7
37.Bxc3 Qxc3 38.Rf1 d3 39.Be4 Qg7 40.cxd3 Qg8 41.Qe5 Bg7 42.Qd6 a2 43.Qxg6+ Kh8
44.d4 Rf8 45.Ra1 Rf6 46.Qh5 Rd6 47.f5 Bxd4 48.f6 Rxf6 49.Bd5 Qb8 50.Bxa2 Bxa1
51.Qd5 Rd6 52.Qf3 Bg7 53.Bb3 Qf8 54.Qg2 Rd2  0-1

[Event "29th ECC Open 2013"]
[Site "Rhodes GRE"]
[Date "2013.10.24"]
[Round "5.5"]
[White "Bosboom,M"]
[Black "Azarov,S"]
[Result "1-0"]
[WhiteElo "2390"]
[BlackElo "2623"]

1.Nf3 d5 2.g3 Nf6 3.Bg2 e6 4.O-O Be7 5.d3 c5 6.Nbd2 Nc6 7.e4 b6 8.Re1 Qc7
9.c3 Bb7 10.a3 dxe4 11.dxe4 Rd8 12.Qe2 Nd7 13.e5 Ndb8 14.b4 O-O 15.b5 Na5
16.c4 Rd7 17.a4 Bxf3 18.Bxf3 Bg5 19.Rb1 Rfd8 20.Nf1 Bxc1 21.Rexc1 Rd4 22.Rc3 Nd7
23.Re1 Nf8 24.h4 R8d7 25.Be4 Qd8 26.Bc2 Ng6 27.Nh2 Rd2 28.Qe3 R2d4 29.Qe2 Rd2
30.Qf1 Qa8 31.Be4 Qd8 32.Nf3 Ra2 33.Bc6 Rc7 34.Rd1 Qf8 35.Rcd3 Rc8 36.Rd7 Ne7
37.Be4 h6 38.Rxa7 Rxa4 39.Rdd7 Re8 40.Bc6 Ra3 41.Rxe7 Rxe7 42.Ra8 Qxa8 43.Bxa8 Rd7
44.Be4 Rc3 45.Kg2 Rxc4 46.Qe2 Kf8 47.g4 Rc3 48.g5 c4 49.gxh6 gxh6 50.Qb2 Rb3
51.Qc1  1-0

[Event "17th Unive Open 2013"]
[Site "Hoogeveen NED"]
[Date "2013.10.25"]
[Round "8.17"]
[White "Berkovich,M"]
[Black "De Jonge,Boris"]
[Result "1-0"]
[WhiteElo "2372"]
[BlackElo "2002"]

1.Nf3 d5 2.g3 Nf6 3.Bg2 c6 4.c4 dxc4 5.O-O Nbd7 6.Qc2 e5 7.Qxc4 Bd6 8.d4 O-O
9.Nc3 h6 10.dxe5 Nxe5 11.Nxe5 Bxe5 12.Be3 Be6 13.Qb4 Qc7 14.Rac1 Bxc3 15.Qxc3 Nd5
16.Bxd5 Bxd5 17.Rfd1 Rad8 18.a3 a5 19.Rd4 Be6 20.Rcd1 a4 21.Bf4 Qc8 22.f3 Bb3
23.R1d2 Rxd4 24.Qxd4 Qe6 25.Qd7 b5 26.Qxe6 Bxe6 27.Be3 Rc8 28.Bc5 f5 29.Rd6 Kf7
30.Kf2 Rc7 31.Ke3 Re7 32.Kf2 Bc4 33.e3 Rc7 34.Bb6 Rc8 35.Rd7+ Kg6 36.Bd4 Bf7
37.h4 h5 38.g4 fxg4 39.fxg4 Rf8 40.Kg3 hxg4 41.Rd6+ Kh7 42.Rxc6 Bc4 43.Kxg4 Rf1
44.Rc7 Rf7 45.Rc5 Rf1 46.Kg3 Rg1+ 47.Kf3 Rh1 48.Rh5+ Kg8 49.Kg2 Rf1 50.Rg5 Rf7
51.Kg3 Kh7 52.Be5 g6 53.Bd4 Rf5 54.Rg4 Be2 55.Re4 Rf3+ 56.Kg2 Kh6 57.Be5 Rf1
58.Rd4 Rd1 59.Rf4 Rd5 60.Bd4 g5 61.hxg5+ Kxg5 62.Rf8 Bc4 63.Kg3 Kg6 64.Kf4 Rd7
65.Rf6+ Kh7 66.Rb6 Kg8 67.Ke5 Kf7 68.Rh6 Rd5+ 69.Kf4 Ke7 70.Bc3 Rd1 71.e4 Rf1+
72.Ke5 Rf7 73.Rd6 Rh7 74.Bb4 Rh5+ 75.Kd4 Ke8 76.Bc3 Ke7 77.e5 Rh4+ 78.Kc5 Re4
79.Rh6 Re2 80.Kc6 Rf2 81.Bb4+ Kf7 82.Kd6 Re2 83.Rf6+ Kg7 84.Bc3 Re3 85.e6 Rd3+
86.Ke7 Kh7 87.Ke8 Re3 88.e7 Be2 89.Kf8 Bh5 90.Bd2  1-0

[Event "1st La Dame Noire Masters"]
[Site "Montigny-le-Bretonneux FRA"]
[Date "2013.10.25"]
[Round "7.4"]
[White "Rettore,L"]
[Black "Saada,J"]
[Result "0-1"]
[WhiteElo "2113"]
[BlackElo "2332"]

1.Nf3 d5 2.g3 Nf6 3.Bg2 Nbd7 4.O-O e5 5.d3 c6 6.Nbd2 Bd6 7.e4 O-O 8.h3 Re8
9.Nh2 Qc7 10.Ng4 dxe4 11.dxe4 Nxg4 12.hxg4 b5 13.g5 Nf8 14.Qh5 a5 15.Nf3 Bc5
16.Nh2 a4 17.a3 Qa7 18.Bf3 Be6 19.Kg2 Rad8 20.Ng4 Bxg4 21.Bxg4 Rd6 22.f4 Be3
23.f5 Bxc1 24.Raxc1 Rd2+ 25.Kh3 Red8 26.f6 Ng6 27.fxg7 Qe3 28.Rxf7 Kxf7 29.Rf1+ Rf2
30.Rxf2+ Qxf2 31.Qxh7 Qf1+  0-1

[Event "29th ECC Open 2013"]
[Site "Rhodes GRE"]
[Date "2013.10.25"]
[Round "6.16"]
[White "Chapman,T"]
[Black "Wiwe,A"]
[Result "1/2-1/2"]
[WhiteElo "2331"]
[BlackElo "2287"]

1.Nf3 d5 2.g3 Nf6 3.Bg2 Bf5 4.c4 e6 5.O-O c6 6.cxd5 exd5 7.d3 Be7 8.b3 O-O
9.Bb2 h6 10.Nbd2 Bh7 11.a3 a5 12.h3 Re8 13.Re1 Nbd7 14.Qc2 Bd6 15.Nd4 Qe7
16.N2f3 Qf8 17.Qc1 Nc5 18.Bc3 Nfd7 19.Qd2 Bc7 20.Rab1 Ne6 21.b4 axb4 22.axb4 Nxd4
23.Bxd4 Bd6 24.Rb3 Ra4 25.Reb1 Qe7 26.Bf1 Rea8 27.Qc3 f6 28.R3b2 Ra3 29.Rb3 R3a4
30.R3b2 Ra3 31.Rb3 R3a4 32.R3b2 Ra3 33.Rb3  1/2-1/2

[Event "17th OIBM 2013"]
[Site "Bad Wiessee GER"]
[Date "2013.10.26"]
[Round "1.27"]
[White "Gutman,L"]
[Black "Schoen,Ru"]
[Result "1-0"]
[WhiteElo "2441"]
[BlackElo "2003"]

1.Nf3 d5 2.g3 Nf6 3.Bg2 g6 4.O-O Bg7 5.d4 O-O 6.c4 c6 7.Qa4 Ne4 8.Nc3 f5
9.Bf4 Be6 10.cxd5 Nxc3 11.bxc3 Bxd5 12.Ng5 h6 13.Bxd5+ Qxd5 14.c4 Qd7 15.Nf3 c5
16.Qxd7 Nxd7 17.Rab1 b6 18.d5 Kf7 19.h4 Rh8 20.Rfd1 Bf6 21.Kg2 Rag8 22.Rh1 Rd8
23.a4 e5 24.dxe6+ Kxe6 25.Rhd1 Ne5 26.Rxd8 Rxd8 27.Nxe5 Bxe5 28.Bxh6 Rd4
29.Rc1 f4 30.Kf3 fxg3 31.fxg3 Kf5 32.Be3 Rg4 33.Bf2 Re4 34.a5 Rg4 35.axb6 axb6
36.Rc2 Re4 37.Rc1 Rg4 38.e3 Bc7 39.Be1 Be5 40.Rc2 Re4 41.Ke2 Rg4 42.Kd3 Bxg3
43.Bxg3 Rxg3 44.Rb2 Rg4 45.Rxb6 Rxh4 46.Rc6 g5 47.Rxc5+ Kf6 48.Rc8 Rh7 49.c5 Rg7
50.Ke4 g4 51.Kf4 g3 52.Rc6+  1-0

[Event "8th Herbstopen"]
[Site "Deizisau GER"]
[Date "2013.10.26"]
[Round "1.3"]
[White "Langheinrich,F"]
[Black "Bretthauer,D"]
[Result "1-0"]
[WhiteElo "2456"]
[BlackElo "1957"]

1.Nf3 d5 2.g3 Nf6 3.Bg2 g6 4.O-O Bg7 5.d4 O-O 6.b3 Nbd7 7.Bb2 Ne4 8.c4 c6
9.Nbd2 Ndf6 10.Ne5 Nxd2 11.Qxd2 Be6 12.Rac1 a5 13.a4 Rc8 14.cxd5 Bxd5 15.Bxd5 Qxd5
16.Nc4 Nd7 17.Nxa5 e5 18.Rfd1 exd4 19.Bxd4 Bxd4 20.Qxd4 Qxa5 21.Qxd7 Qb6
22.Qd3 Rfe8 23.e3 Rcd8 24.Qc3 Rxd1+ 25.Rxd1 Rd8 26.Rxd8+ Qxd8 27.e4 Qd7 28.Kg2 h5
29.h4 Kh7 30.b4 Kg8 31.Qe5 Kh7 32.b5 cxb5 33.axb5 Kg8 34.b6 Kf8 35.Qc5+ Ke8
36.Kf3 Qe6 37.Ke3 Qd7 38.f3 Qe6 39.Qc7 Qd7 40.Qxd7+ Kxd7 41.Kd4 Kc6 42.Ke5 Kxb6
43.Kf6 Kc5 44.Kxf7 Kd4 45.Kf6 b5 46.e5 b4 47.e6 b3 48.e7 b2 49.e8=Q b1=Q
50.Qe5+ Kc4 51.Qe4+  1-0

[Event "29th ECC Open 2013"]
[Site "Rhodes GRE"]
[Date "2013.10.26"]
[Round "7.6"]
[White "Ekeberg,C"]
[Black "Dvirnyy,D"]
[Result "1/2-1/2"]
[WhiteElo "2288"]
[BlackElo "2568"]

1.Nf3 d5 2.g3 Bg4 3.Bg2 c6 4.c4 e6 5.Qb3 Qb6 6.d4 Nd7 7.c5 Qa6 8.O-O Ngf6
9.Nc3 Be7 10.Re1 b6 11.cxb6 axb6 12.e4 O-O 13.Bf4 Rfc8 14.Ne5 Nxe5 15.Bxe5 Bh5
16.Bf4 Bf8 17.Bg5 Ne8 18.Bf1 Qa5 19.exd5 cxd5 20.Bf4 Nd6 21.Bxd6 Bxd6 22.a3 Bg6
23.Rac1 h6 24.h4 Bf5 25.Nb5 Bf8 26.Qe3 Be7 27.Rxc8+ Rxc8 28.Rc1 Rxc1 29.Qxc1 Bf6
30.Qc3 Qxc3 31.bxc3 Be7 32.c4 dxc4 33.Bxc4 Bc2 34.Kf1 Kf8 35.Ke2 Ke8 36.Kd2 Be4
37.a4 Kd7 38.Ke3 Bb7 39.Nc3 Bb4 40.Nb5 Bc6 41.Bb3 Bb7 42.Bc4 Bc6 43.Bb3 f6
44.h5 Bb7 45.g4 Bc6 46.Bc4 Ke7 47.f4 Bxb5  1/2-1/2